The Gaslight Anthem Discography - Statistics

General Stats
  • This quiz has been taken 20 times
  • The average score is 5 of 14
Answer Stats
Type Year Name % Correct
Album 2012 Handwritten
94%
Album 2008 The '59 Sound
94%
Album 2014 Get Hurt
83%
Album 2010 American Slang
78%
Album 2007 Sink or Swim
67%
EP 2008 Señor and the Queen
50%
Compilation 2014 The B-Sides
17%
EP 2012 Here Comes My Man
11%
EP 2011 iTunes Session
11%
EP 2012 Hold You Up
6%
Live Album 2009 Live at Park Ave.
6%
Live DVD 2014 Live in London
6%
Box Set 2013 Singles Collection: 2008-2011
0%
EP 2008 Sink or Swim Demos
0%
No matching quizzes found
Score Distribution
Percent of People with Each Score
Percentile by Number Answered
Your Score History
You have not taken this quiz